Sinh học người

Giáo trình cung cấp những kiến thức cơ bản về nguồn gố loài người, di truyền và những biến dị ( số lượng và chất lượng ), sinh thái người, quá trình tăng trưởng, phát triển cơ thể người và cuối cùng là dân số kế hoạch hóa gia đi...

Description complète

Enregistré dans:
Détails bibliographiques
Auteur principal: Nguyễn, Văn Yên
Format: Livre
Langue:Undetermined
Publié: Hà Nội Đại học Quốc gia Hà Nội 2000
Sujets:
Tags: Ajouter un tag
Pas de tags, Soyez le premier à ajouter un tag!
Thư viện lưu trữ: Trung tâm Học liệu Trường Đại học Cần Thơ
LEADER 00952nam a2200205Ia 4500
001 CTU_41956
008 210402s9999 xx 000 0 und d
020 |b 22.000đ 
082 |a 612 
082 |b Y603 
100 |a Nguyễn, Văn Yên 
245 0 |a Sinh học người 
245 0 |c Nguyễn Văn Yên 
260 |a Hà Nội 
260 |b Đại học Quốc gia Hà Nội 
260 |c 2000 
520 |a Giáo trình cung cấp những kiến thức cơ bản về nguồn gố loài người, di truyền và những biến dị ( số lượng và chất lượng ), sinh thái người, quá trình tăng trưởng, phát triển cơ thể người và cuối cùng là dân số kế hoạch hóa gia đình. 
650 |a Physiology, human 
904 |i Nguyễn Quang Điền, Qhieu 
980 |a Trung tâm Học liệu Trường Đại học Cần Thơ